Phòng trừ sâu bệnh hại cây hoa kiểng và cây ăn trái
Nội dung sách giới thiệu kỹ thuật trồng, chăm sóc và phòng trừ sâu bệnh gây gại cho một số loài hoa kiểng và cây ăn trái
Đã lưu trong:
| Príomhúdar: | |
|---|---|
| Formáid: | Leabhar |
| Teanga: | Undetermined |
| Foilsithe: |
Thành phố Hồ Chí Minh
Trẻ
2006
|
| Ábhair: | |
| Clibeanna: |
Cuir Clib Leis
Gan Chlibeanna, Bí ar an gcéad duine leis an taifead seo a chlibeáil!
|
| Thư viện lưu trữ: | Trung tâm Học liệu Trường Đại học Cần Thơ |
|---|
| LEADER | 00873nam a2200205Ia 4500 | ||
|---|---|---|---|
| 001 | CTU_215692 | ||
| 008 | 210402s9999 xx 000 0 und d | ||
| 020 | |c 22000 | ||
| 082 | |a 632.9 | ||
| 082 | |b Th462 | ||
| 100 | |a Huỳnh, Văn Thới | ||
| 245 | 0 | |a Phòng trừ sâu bệnh hại cây hoa kiểng và cây ăn trái | |
| 245 | 0 | |c Huỳnh Văn Thới | |
| 260 | |a Thành phố Hồ Chí Minh | ||
| 260 | |b Trẻ | ||
| 260 | |c 2006 | ||
| 520 | |a Nội dung sách giới thiệu kỹ thuật trồng, chăm sóc và phòng trừ sâu bệnh gây gại cho một số loài hoa kiểng và cây ăn trái | ||
| 650 | |a Diseases and pests,Plant protection,Bảo vệ thực vật,Sâu và bệnh hại cây trồng | ||
| 904 | |i Nguyên | ||
| 980 | |a Trung tâm Học liệu Trường Đại học Cần Thơ | ||